| 000 | 01327nam0a22002651 4500 | ||
|---|---|---|---|
| 001 | rc\4646318 | ||
| 005 | 20260407165811.0 | ||
| 021 |
_aRU _b[60-68968] |
||
| 035 | _a(NLR Aleph) 008688643 | ||
| 090 |
_a9224581 _c9224581 |
||
| 100 | _a20130416d1960 |||y0rusy50 ca | ||
| 101 | 0 | _arus | |
| 102 | _aRU | ||
| 105 | _ay z ||||| | ||
| 200 | 1 |
_aМатериалы Совещания по борьбе с эрозией почв и селевыми потоками _eТезисы докладов _fВсесоюз. акад. с.-х. наук им. В.И. Ленина. Узб. акад. с.-х. наук. Среднеаз. ин-т лесоводства УзАСХН. Постоянная комис. по борьбе с эрозией почв и Селевая комис. Акад. наук СССР |
|
| 210 |
_aТашкент _cБ. и. _d1960 |
||
| 215 |
_a202 с. _d22 |
||
| 606 |
_aСелевые потоки _jТезисы докладов _2psbo |
||
| 606 |
_aЭрозия почв _jТезисы докладов _2psbo |
||
| 710 | 1 | 2 |
_aСовещание по борьбе с горной эрозией почв и селевыми потоками _f1960 _eТашкент _3RU\NLR\AUTH\8810105497 _9711326 |
| 801 | 0 |
_aRU _bNLR _gpsbo |
|
| 801 | 1 |
_aRU _bELAR _2rusmarc |
|
| 852 |
_aNLR _j60-5/4314 |
||
| 942 | _cBOOK | ||
| 980 | _aNB | ||